000 00320nam a22001217a 4500
008 230619b xxu||||| |||| 00| 0 eng d
082 _a299.6
_bPAR
100 _cGeoffrey Parrinder
245 _aAfrican Traditional Religion
260 _aLondon
_bHutchinson's University Library
_c1954
300 _a160p
942 _2ddc
_cBK
999 _c1208
_d1208